000 00663nam a2200205Ia 4500
003 IN-BaIIA
008 211028s9999 xx s 000 0 eng d
020 _a2-86883-646-1 (Online)
022 _a1633-4760 (Print)
022 _a1638-1963 (Online)
040 _cIIA Library
100 _aArnaud, J., ed.
_938128
245 0 _aMagnetism and Activity of the Sun and Stars
_h[eBook]
260 _aFrance
_bEDP Sciences
_c2003
300 _aiv, 371p.
490 _aEAS Publications Series
700 _aMeunier, N., ed.
_938129
856 _uhttps://www.eas-journal.org/articles/eas/abs/2003/04/contents/contents.html
_yClick Here to Access eBook
942 _cEB
999 _c20603
_d20603